Joan Martí i Viñolas (la Garriga, 9 de gener de 1887; 17 de setembre 1978) /
MARC
| LEADER | 00000nkm a22000007a 4500 | ||
|---|---|---|---|
| 001 | 27085 | ||
| 003 | Arxiu | ||
| 005 | 20260324181145.0 | ||
| 008 | 221212b spa||||| |||| 00| 0 cat d | ||
| 017 | |a B 5886-2019 | ||
| 040 | |a agdb |b cat | ||
| 100 | |9 52688 |a Juandó Alegret, Frederic, |d 1882-1961 | ||
| 245 | |a Joan Martí i Viñolas (la Garriga, 9 de gener de 1887; 17 de setembre 1978) / |c Frederic Juandó Alegret | ||
| 246 | 3 | 3 | |a Mirem el passat |
| 260 | |a Bacelona : |b Diputació de Barcelona ; |c 2019 | ||
| 300 | |a 1 targeta postal ; |b il. b/n ; |c 15 x 11 cm. | ||
| 490 | |a #MiremElPassat | ||
| 518 | |o Fotografia datada l'any 1912 | ||
| 585 | |a L'exposició és un recull de fotografies antigues del primer terç del segle XX. Un segle després, han tornat a l'actualitat gràcies a l'èxit de la seva difusió a les xarxes socials, amb l'etiqueta #MiremElPassat. | ||
| 600 | 0 | |9 54872 |a Martí i Viñolas, Joan, |d 1887-1978 | |
| 610 | 1 | 0 | |a Arxiu General de la Diputació de Barcelona |x Exposicions |
| 650 | 0 | |2 Arxiu |9 21486 |a Ciclisme |x Catalunya | |
| 655 | 0 | |9 52685 |a Targetes postals | |
| 710 | 1 | |9 51838 |a Barcelona (Catalunya : Província). |b Gabinet de Premsa i Comunicació | |
| 710 | 1 | |a Arxiu General de la Diputació de Barcelona |9 52704 | |
| 856 | |u https://www.diba.cat/documents/227879549/231875408/Postal+Mart%C3%AD+Vi%C3%B1olas/96cf6674-b9c2-4091-819a-9853d5fff457 |y Accés lliure (Portal corporatiu de l'Arxiu General de la Diputació de Barcelona) | ||
| 942 | |2 udc |c ARXIU |n 1 | ||
| 952 | |0 0 |1 0 |2 udc |4 0 |6 NBM1612 |7 1 |9 64700 |a Arxiu |b Arxiu |d 2022-12-12 |l 0 |o NBM-16-12 |p 27085 |r 2022-12-12 00:00:00 |w 2022-12-12 |y ARXIU | ||
| 952 | |0 0 |1 0 |2 udc |4 0 |6 NBM1613 |7 1 |9 64704 |a Arxiu |b Arxiu |d 2022-12-12 |l 0 |o NBM-16-13 |p 27086 |r 2022-12-12 00:00:00 |w 2022-12-12 |y ARXIU | ||
| 999 | |c 82800 |d 82800 | ||